000 01082nam a22002417a 4500
001 2465
003 FISKH
005 20231211102831.0
008 231211b cb ||||| |||| 00| 0 eng d
020 _a9789388369060
040 _aFISKH
_beng
_cFISKH
_dFISKH
082 _a509.22
100 _aAnonymous
245 _aWorld's greatest scientists & inventors /
260 _aUttar Pradesh :
_bWonder House,
_c2023.
300 _a160 pages :
_billustrations ;
_c20 cm
520 _aA well-researched book which celebrate the achievements of scientists and inventor who have contributed to the development of human society with their talent, hard work and success. Age appropriate content, fun facts and bold illustrations will appeal to the curiosity of young inquisitive minds and help them develop their reading skill and general knowledge.
650 _a Biographies
_vJuvenile Literature
650 _aGreatest Leaders
_vJuvenile Literature
650 _aInspirational People
_vJuvenile Literature
650 _a Powerful people
_vJuvenile Literature
942 _2ddc
_cBK
_n0
999 _c2465
_d2465